Normal view MARC view

Entry Personal Name

Number of records used in: 1

001 - CONTROL NUMBER

  • control field: 2042

003 - CONTROL NUMBER IDENTIFIER

  • control field: DLC

005 - DATE AND TIME OF LATEST TRANSACTION

  • control field: 20200220095845.0

008 - FIXED-LENGTH DATA ELEMENTS

  • fixed length control field: 780613n| aaannaab |n aaa

010 ## - LIBRARY OF CONGRESS CONTROL NUMBER

  • LC control number: n 78034164

040 ## - CATALOGING SOURCE

  • Original cataloging agency: DLC
  • Language of cataloging: eng
  • Transcribing agency: DLC
  • Modifying agency: DLC

100 1# - HEADING--PERSONAL NAME

  • Personal name: Craig, H. A. L.

670 ## - SOURCE DATA FOUND

  • Source citation: Author's Bilal, 1977:
  • Information found: t.p. (H. A. L. Craig)

670 ## - SOURCE DATA FOUND

  • Source citation: GB 78-08077
  • Information found: (Craig, H. A. L.)

675 ## - SOURCE DATA NOT FOUND

  • Source citation: WW, 1978.

Powered by Koha